| 000 | 00855nam a2200253Ia 4500 | ||
|---|---|---|---|
| 001 | 11292 | ||
| 003 | GE_BSU | ||
| 008 | 181216s||||||||xx |||||||||||||| ||und|| | ||
| 020 | _a9785713313944 | ||
| 040 | _cGE_BSU | ||
| 080 | _a327 | ||
| 100 | _aВуд,Дж; Ж.Серре. | ||
| 245 | _aДипломатический церемоениал и протокол. | ||
| 245 | _bМонография. | ||
| 245 | _cПер.С.Англ.Ю.П.Клюкина; В.В.Пастоева; Г.И.Фомина; Ред:Л.И.Гецелевич. | ||
| 260 | _aМосква. | ||
| 260 | _bМеждународнье отношения. | ||
| 260 | _c2011. | ||
| 300 | _a416стр;21см. | ||
| 300 | _eБиблиогр стр.409-410. | ||
| 541 | _h50л. | ||
| 653 | _aДипломатический церемоениал и протокол. | ||
| 942 | _cBK | ||
| 999 |
_c44494 _d44494 |
||